Catchment flood management plans (Record no. 104442)

MARC details
000 -LEADER
fixed length control field 01350cam a2200193 4500
001 - CONTROL NUMBER
control field L130382
008 - FIXED-LENGTH DATA ELEMENTS--GENERAL INFORMATION
fixed length control field 050722n2005 000 0 eng u
035 ## - SYSTEM CONTROL NUMBER
System control number (Sirsi) u130382
041 ## - LANGUAGE CODE
Language code of text/sound track or separate title eng
110 ## - MAIN ENTRY--CORPORATE NAME
Corporate name or jurisdiction name as entry element England and Wales
Subordinate unit Environment Agency
9 (RLIN) 2469
245 ## - TITLE STATEMENT
Title Catchment flood management plans
Medium [electronic resource]
260 ## - PUBLICATION, DISTRIBUTION, ETC.
Place of publication, distribution, etc. Environment Agency
Date of publication, distribution, etc. 2005
520 ## - SUMMARY, ETC.
Summary, etc. The Environment Agency (EA) is creating a new, comprehensive approach to flood management, which could save money, be good for the environment and keep more people safe from flooding. The main aim of catchment flood management plans (CFMPs) is to assist the understanding of the factors that contribute to flood risk within a catchment and to recommend the best ways of managing the risk of flooding within the catchment over the next 50 to 100 years. A catchment is defined as an area that serves a river with rainwater. Any organisations such as local authorities or conservation bodies can participate in regional CFMPs, helping to shape EA's proposals.
590 ## - LOCAL NOTE (RLIN)
Local note IKA020805
651 #4 - SUBJECT ADDED ENTRY--GEOGRAPHIC NAME
Geographic name England and Wales
Chronological subdivision 1543-
690 ## - LOCAL SUBJECT ADDED ENTRY--TOPICAL TERM (OCLC, RLIN)
Topical term or geographic name as entry element ENVIRONMENTAL AND LAND CONSULTANCY-WATER RESOURCE MANAGEMENT-FLOODING
856 ## - ELECTRONIC LOCATION AND ACCESS
Uniform Resource Identifier <a href="https://www.environment-agency.gov.uk/research/planning/33586.aspx">https://www.environment-agency.gov.uk/research/planning/33586.aspx</a>
Public note View CFMP pages free of charge at www.environment-agency.gov.uk...
942 ## - ADDED ENTRY ELEMENTS (KOHA)
Suppress in OPAC 0
Holdings
Withdrawn status Lost status Source of classification or shelving scheme Damaged status Not for loan Home library Current library Shelving location Date acquired Total Checkouts Full call number Barcode Date last seen Copy number Price effective from Koha item type
    Dewey Decimal Classification     Virtual Virtual Online 22/07/2005   ONLINE PUBLICATION 130382-1001 06/08/2019 1 06/08/2019 Journal article